A Belügyi Közlöny 1909. február 14-i száma.
Elmentve itt :
| További közreműködők: | |
|---|---|
| Dokumentumtípus: | Kézirat |
| Megjelent: |
1909-02-14
|
| Kulcsszavak: | cigánykérdés, cigányok letelepítése |
| Online Access: | http://misc.bibl.u-szeged.hu/46955 |
| LEADER | 00619ntm a2200181 i 4500 | ||
|---|---|---|---|
| 001 | misc46955 | ||
| 005 | 20200529141930.0 | ||
| 008 | 200529s1909 hu o 0|| hun d | ||
| 040 | |a SZTE Miscellanea Repozitórium |b hun | ||
| 041 | |a hun | ||
| 245 | 0 | 2 | |a A Belügyi Közlöny 1909. február 14-i száma. |h [elektronikus dokumentum] |
| 260 | |c 1909-02-14 | ||
| 300 | |a 2 | ||
| 561 | |a Herrmann Antal hagyaték | ||
| 695 | |a cigánykérdés, cigányok letelepítése | ||
| 700 | 0 | 1 | |a Andrássy Gyula |
| 700 | 0 | 1 | |a Joanovich Sándor |
| 856 | 4 | 0 | |u http://misc.bibl.u-szeged.hu/46955/1/hermann_antal_ms_1934_004_egyeb_193.pdf |z Dokumentum-elérés |